000
00212nam a22000857a 4500
008
160712b xxu||||| |||| 00| 0 eng d
100
_9
2679
_a
Koile, E
245
_a
Your Secret Self
260
_a
Texas
_b
Word Book
_c
1978
999
_c
2329
_d
2329